[Event "Beirut op 7th"]
[Site "Beirut"]
[Date "2014.05.10"]
[Round "5"]
[White "Lakhoyan, Hrag"]
[Black "Tarboush, Husam"]
[Result "0-1"]
[WhiteElo "1307"]
[BlackElo "2050"]
[PlyCount "48"]
[EventDate "2014.05.06"]
[EventType "swiss"]
[EventRounds "9"]
[EventCountry "LBN"]
[SourceTitle "EXT 2016"]
[Source "ChessBase"]
[SourceDate "2015.10.08"]
[SourceVersion "1"]
[SourceVersionDate "2015.10.08"]
[SourceQuality "1"]

1. d4 Nf6 2. Bg5 e6 3. c4 Bb4+ 4. Nc3 0-0 5. a3 Bxc3+ 6. bxc3 d6 7. e4 h6 8. Bxf6 Qxf6 9. Nf3 e5 10. d5 Na6 11. Bd3 Qg6 12. 0-0 Bh3 13. Ne1 Nc5 14. Kh1 Bd7 15. f4 exf4 16. Rxf4 Rae8 17. Qf3 Re5 18. Nc2 Rg5 19. Ne3 Nxd3 20. Nf5 Nxf4 21. Ne7+ Kh8 22. Nxg6+ Nxg6 23. g3 Bg4 24. Qf2 Be6 0-1

[Event "Arab-ch U16 09"]
[Site "Tripoli"]
[Date "2010.01.29"]
[Round "2.2"]
[White "Tarboush, Husam"]
[Black "Illan, Mohammed"]
[Result "1-0"]
[WhiteElo "2071"]
[BlackElo "1863"]
[PlyCount "91"]
[EventDate "2010.01.28"]
[EventType "tourn"]
[EventRounds "7"]
[EventCountry "LBY"]
[SourceTitle "EXT 2024"]
[Source "ChessBase"]
[SourceDate "2023.10.10"]
[SourceVersion "1"]
[SourceVersionDate "2023.10.10"]
[SourceQuality "1"]

1. e4 e5 2. Nf3 Nc6 3. Bc4 Nf6 4. Nc3 Bc5 5. d3 h6 6. Be3 Bb6 7. Qd2 d6 8. h3 Be6 9. Nd5 Qd7 10. Nxf6+ gxf6 11. Bxh6 Rg8 12. Bxe6 Qxe6 13. g4 d5 14. Qe2 0-0-0 15. Bd2 Rh8 16. exd5 Qxd5 17. Qe4 Qxe4+ 18. dxe4 Nd4 19. Nxd4 Bxd4 20. Bb4 Bxb2 21. Rb1 Bd4 22. c3 Bb6 23. Be7 Rd3 24. Bxf6 Rhxh3 25. Ke2 Rxc3 26. Rxh3 Rxh3 27. Bxe5 Ra3 28. Rb2 Kd7 29. Bf6 Ke6 30. g5 Rh3 31. e5 Ra3 32. Kf1 Rd3 33. Kg2 Ra3 34. f3 Bd4 35. Rxb7 Rxa2+ 36. Kg3 Bb6 37. Rb8 Kf5 38. Rf8 Bf2+ 39. Kh3 Kg6 40. Rg8+ Kf5 41. Rf8 Kg6 42. Kg4 Ra4+ 43. f4 Be3 44. Rg8+ Kh7 45. Rh8+ Kg6 46. Rh6# 1-0

[Event "Arab-ch U16 09"]
[Site "Tripoli"]
[Date "2010.01.28"]
[Round "1.3"]
[White "Alnami, Salaheddin"]
[Black "Tarboush, Husam"]
[Result "0-1"]
[WhiteElo "1716"]
[BlackElo "2071"]
[PlyCount "42"]
[EventDate "2010.01.28"]
[EventType "tourn"]
[EventRounds "7"]
[EventCountry "LBY"]
[SourceTitle "EXT 2024"]
[Source "ChessBase"]
[SourceDate "2023.10.10"]
[SourceVersion "1"]
[SourceVersionDate "2023.10.10"]
[SourceQuality "1"]

1. d4 Nf6 2. c4 e6 3. Nc3 Bb4 4. Qc2 c5 5. d5 exd5 6. cxd5 Nxd5 7. Qe4+ Ne7 8. Bd2 d5 9. Qe5 0-0 10. a3 Nbc6 11. Qg5 Nd4 12. Rc1 Ba5 13. e3 Nb3 14. Rd1 Bf5 15. e4 Bxe4 16. Nxe4 dxe4 17. Bc3 Bxc3+ 18. bxc3 Qa5 19. Qxe7 Qxc3+ 20. Ke2 Nd4+ 21. Rxd4 cxd4 0-1